000 00417 a2200157 4500
003 Nust
005 20230525123103.0
040 _cNust
082 _a822.3, SHA
245 _aKing Henry V
_cEditor: A W Verity
260 _aCambridge
_bUniversity Press
300 _a256:;p
505 _aIntroduction (Page-Vii), King Henry V (Page-1), Notes (Page-111), Glossary (Page-187).
650 _aDrama
942 _2ddc
_cBK
999 _c186699
_d186699